Countries with 8 letters - Statistics

General Stats
  • This quiz has been taken 101 times
  • The average score is 19 of 25
Answer Stats
Continent Country % Correct
South America Suriname
94%
South America Colombia
92%
South America Paraguay
91%
North America Honduras
87%
Europe Portugal
85%
Africa Zimbabwe
83%
Oceania Kiribati
81%
Europe Slovakia
81%
Europe Slovenia
81%
North America Dominica
79%
Asia Malaysia
79%
Asia Pakistan
79%
Asia Thailand
79%
Africa Ethiopia
77%
North America Barbados
75%
Asia Mongolia
75%
Africa Botswana
74%
Asia Cambodia
74%
Africa Cameroon
74%
Africa Eswatini
74%
Europa Bulgaria
72%
Africa Djibouti
70%
Africa Tanzania
68%
Asia Maldives
62%
Asia Sri Lanka
62%
No matching quizzes found
Score Distribution
Percent of People with Each Score
Percentile by Number Answered
Your Score History
You have not taken this quiz